|
|
|
|
| LEADER |
01003nam a2200241 a 4500 |
| 001 |
GR-MES15839 |
| 008 |
101005s2006 njua 001 0 eng|c |
| 020 |
|
|
|a 0471793442
|
| 020 |
|
|
|a 9780471793441
|
| 040 |
|
|
|a GrPaTEI
|b gre
|c GR-PaULI
|
| 082 |
|
0 |
|a 005.2768
|2 22
|
| 100 |
1 |
|
|a Keogh, James Edward,
|d 1948-
|
| 245 |
1 |
0 |
|a Visual Basic, 2005 :
|b your visual blueprint for writing dynamic applications /
|c by Jim Keogh.
|
| 260 |
|
|
|a Hoboken, N.J. :
|b Wiley,
|c c2006.
|
| 300 |
|
|
|a xii, 307 σ. :
|b εικ. ;
|c 24 εκ.
|
| 490 |
0 |
|
|a Visual read less, learn more
|
| 500 |
|
|
|a Περιλαμβάνει ευρετήριο.
|
| 630 |
0 |
0 |
|a Microsoft Visual BASIC.
|
| 650 |
|
0 |
|a BASIC (Computer program language)
|
| 942 |
|
|
|2 ddc
|
| 952 |
|
|
|0 0
|1 0
|2 ddc
|4 0
|6 0005_276000000000000_8_ΚΕΟ
|7 0
|9 273502
|a MSLG
|b MSLG
|c BSC
|d 2021-01-17
|e 24
|f 1
|g 0.00
|l 0
|o 0005.276 8 ΚΕΟ
|p 2420000024831
|q 2017-01-23
|r 2021-01-17 00:00:00
|t 1
|w 2021-01-17
|y BK15
|x 20101005 0 1
|x GrPaTEI
|
| 971 |
|
|
|a .b25818880
|b 15-04-20
|c 13-09-16
|
| 999 |
|
|
|c 158423
|d 158423
|